|
|
|
|
| LEADER |
00000cam a2200000 a 4500 |
| 001 |
UCG6217 |
| 003 |
CL-VaPUC |
| 008 |
110407e20050400CL |||||||||||||||||spa|d |
| 082 |
0 |
4 |
|a 262.13
|b JUA
|2 21
|
| 100 |
|
|
|a Juan Pablo II
|e author
|9 309920
|
| 245 |
1 |
4 |
|a Los discursos del Papa en Chile
|
| 300 |
|
|
|a 128 p
|
| 942 |
|
|
|c BK
|
| 945 |
|
|
|d 20110407 00:00:00
|a jcampos
|
| 260 |
|
|
|a Santiago
|b Ercilla
|c 2005
|
| 600 |
0 |
7 |
|a PAPA JUAN PABLO II
|2 CL-VaPUC
|9 556264
|
| 650 |
|
0 |
|a Discursos
|9 265028
|
| 650 |
|
0 |
|a Oratoria
|9 307605
|
| 650 |
|
0 |
|a Catolicismo
|9 258690
|
| 651 |
|
7 |
|a CHILE
|2 CL-VaPUC
|9 556265
|
| 583 |
|
|
|a last modification
|c 20140625 04:06:55
|k Rodrigo Vera
|
| 999 |
|
|
|c 344491
|d 344489
|